Statistics for General Knowledge Quiz #100

Click here to take the quiz!

General Stats

  • This quiz has been taken 95,649 times
    (63,866 since last reset)
  • The average score is 11 of 20

Answer Stats

QuestionAnswer% Correct
What does a bibliophile love?Books
85%
On what planet did the movie "Planet of the Apes" take place?Earth
85%
What city is considered the birthplace of jazz music?New Orleans
78%
Whose embalmed body has been on display near Red Square since 1924?Vladimir Lenin's
72%
What 13th century conqueror is thought to have more than 350 million direct descendants?Genghis Khan
71%
What is the name for the art of preparing and stuffing animal skins?Taxidermy
66%
What is the only U.S. state that borders just one other state?Maine
65%
What is the most populous province of Canada?Ontario
65%
What is the most popular spectator sport in Japan?Baseball
63%
What is the English name for the group "Médecins Sans Frontières"?Doctors Without
Borders
59%
What rock band's 1983 song "Sunday Bloody Sunday" is about an incident from
the Troubles in Northern Ireland?
U2
57%
What country became independent from Pakistan in 1971?Bangladesh
55%
What word is a homophone of gorilla? (to some)Guerrilla
52%
What fictional creatures eat 7 meals a day, including second breakfast and elevenses?Hobbits
49%
What Latin American country permanently abolished its military in 1948?Costa Rica
39%
What ancient empire was ruled by Nebuchadnezzar?Babylon
36%
Croissants are often associated with France. But which country
did they come from originally?
Austria
35%
Who painted nearly 100 self-portraits between 1628 and 1669?Rembrandt
24%
What did Tikki Tikki Tembo fall into?Well
24%
What major city is located at the border of France, Germany, and Switzerland?Basel
22%

Score Distribution

Percentile by Number Answered

Percent of People with Each Score

Your Score History

You have not taken this quiz since the last reset